Investigación y desarrollo del currículum (Registro nro. 18)

Detalles MARC
000 -LEADER
fixed length control field 01282 a2200253 4500
001 - CONTROL NUMBER
control field 22
005 - DATE AND TIME OF LATEST TRANSACTION
control field 20260407155403.0
008 - FIXED-LENGTH DATA ELEMENTS--GENERAL INFORMATION
fixed length control field 260407a1998 arg spa d
003 - CONTROL NUMBER IDENTIFIER
control field AR-UNSa-BCEJYS
040 ## - CATALOGING SOURCE
Original cataloging agency AR-UNSa-BCEJYS
Language of cataloging spa
Transcribing agency AR-UNSa-BCEJYS
080 ## - UNIVERSAL DECIMAL CLASSIFICATION NUMBER
Universal Decimal Classification number 371.214
Common auxiliary subdivision Planes de estudios. Programas escolares. Horarios
020 ## - INTERNATIONAL STANDARD BOOK NUMBER
International Standard Book Number 84-7112-220-0
041 ## - LANGUAGE CODE
Language code of text/sound track or separate title spa
100 1# - MAIN ENTRY--PERSONAL NAME
Personal name Stenhouse, Lawrence
245 10 - TITLE STATEMENT
Title Investigación y desarrollo del currículum
250 ## - EDITION STATEMENT
Edition statement 4a. ed.
264 #1 - PRODUCTION, PUBLICATION, DISTRIBUTION, MANUFACTURE, AND COPYRIGHT NOTICE
Place of production, publication, distribution, manufacture Madrid :
Name of producer, publisher, distributor, manufacturer Ediciones Morata
Date of production, publication, distribution, manufacture, or copyright notice 1998
300 ## - PHYSICAL DESCRIPTION
Extent 319 p.
Dimensions 21 cm.
505 ## - FORMATTED CONTENTS NOTE
Formatted contents note 1. Definición del problema - 2. Contenido - 3. Enseñanza - 4. Conocimiento, enseñanza y la escuela como institución - 5. Objetivos conductuales y desarrollo del curriculum - 6. Una crítica del modelo de objetivos - 7. Un modelo de proceso - 8. La evaluación del curriculum - 9. Hacia un modelo de investigación - 10. El profesor como investigador - 11. La escuela y la innovación - 12. Apoyo a las escuelas - 13. Movimientos e instituciones en el desarrollo del curriculum - 14. Problemas en la utilización de la investigación y desarrollo del curriculum
590 ## - LOCAL NOTE (RLIN)
Local note niveau_biblio:m niveau_hierar:0
700 1# - ADDED ENTRY--PERSONAL NAME
Personal name Guera Miralles, Alfredo
700 1# - ADDED ENTRY--PERSONAL NAME
Personal name Maestro Bäcksbacka, Javier
942 ## - ADDED ENTRY ELEMENTS (KOHA)
Koha item type
Existencias
Withdrawn status Lost status Damaged status Not for loan Home library Current library Shelving location Date acquired Total checkouts Full call number Barcode Date last seen Price effective from Koha item type
        Biblioteca Prof. Eusebio Cleto del Rey Biblioteca Prof. Eusebio Cleto del Rey   07/04/2026   371.214 S825 4ed. L69951 07/04/2026 07/04/2026 Libro
        Biblioteca Prof. Eusebio Cleto del Rey Biblioteca Prof. Eusebio Cleto del Rey   07/04/2026   371.214 S825 4ed. L69952 07/04/2026 07/04/2026 Libro